000 00574nam a2200241 a 4500
001 nice12345678
003 IN_TiNIC
005 20260116011522.0
008 050524s1928 boma grp 000 0 eng
020 _a
_c0
082 0 0 _a954.025
_bHOY
100 _aHoyland, J S
245 _aEmpire of the Great Mogol
260 _aBombay
_bD. B. Taralporevala Sons & Co.
_c1928
300 _a252p
500 _aincludes index and biblioraphy
505 2 _aIndex
650 _aMughal India
700 1 _aHoyland, J S
902 _bSRS
942 _cBK
999 _c2240
_d2240